[Event "Aktiv-Alliancen Mesterklassen 1999"]
[Site "Taastrup"]
[Date "1999.02.08"]
[Round "3"]
[White "Dongart, Dennis"]
[Black "Jensen, Orla"]
[Result "1-0"]
[WhiteElo "2090"]
[BlackElo "1968"]
[PlyCount "79"]
[EventDate "1999.??.??"]

1. e4 c5 2. Nf3 d6 3. Bb5+ Bd7 4. Bxd7+ Nxd7 5. O-O Ngf6 6. Qe2 Qc7 7. c3 e5 8.
d4 g6 9. Na3 a6 10. Bg5 Bg7 11. Rad1 b5 12. dxe5 dxe5 13. Nc2 O-O 14. Ne3 h6
15. Bxf6 Nxf6 16. Nd5 Nxd5 17. Rxd5 Rad8 18. Rfd1 Bf6 19. Qe3 Kg7 20. g3 c4 21.
Kg2 Rfe8 22. R1d2 g5 23. h3 Kg6 24. Nh2 h5 25. g4 h4 26. Qf3 Kg7 27. Nf1 Rxd5
28. Rxd5 Re6 29. Ne3 Qc6 30. Nf5+ Kg6 31. Qe3 Be7 32. Qa7 Bf8 33. f3 b4 34.
cxb4 Qa4 35. a3 Qc2+ 36. Qf2 Qb3 37. Qd2 Rc6 38. Qc3 f6 39. Rd8 Kf7 40. Qd2 1-0

[Event "Aktiv-Alliancen Mesterklassen 1999"]
[Site "Taastrup"]
[Date "1999.02.08"]
[Round "3"]
[White "Hejberg, Carsten"]
[Black "Nielsen, John Holm"]
[Result "1-0"]
[WhiteElo "1947"]
[BlackElo "1972"]
[PlyCount "43"]
[EventDate "1999.??.??"]

1. d4 Nf6 2. c4 g6 3. Nc3 Bg7 4. e4 d6 5. h3 O-O 6. Bg5 Nbd7 7. Nf3 h6 8. Be3
e5 9. d5 a6 10. g4 Kh7 11. g5 Ng8 12. gxh6 Bxh6 13. Qd2 Bxe3 14. Qxe3 Ngf6 15.
Be2 Nh5 16. Ng5+ Kh8 17. Bxh5 gxh5 18. Ne6 Qf6 19. Nxf8 Nxf8 20. O-O-O h4 21.
Rhg1 Bxh3 22. Qxh3 1-0

[Event "Aktiv-Alliancen Mesterklassen 1999"]
[Site "Taastrup"]
[Date "1999.02.08"]
[Round "3"]
[White "Larsen, Peter"]
[Black "Aagaard, Jacob"]
[Result "1-0"]
[WhiteElo "2267"]
[BlackElo "2406"]
[PlyCount "83"]
[EventDate "1999.??.??"]

1. e4 c5 2. Nf3 d6 3. d4 Nf6 4. Nc3 cxd4 5. Nxd4 g6 6. Be3 Bg7 7. f3 Nc6 8. Qd2
O-O 9. O-O-O Bd7 10. g4 Qa5 11. h4 Rfc8 12. h5 Nxd4 13. Bxd4 Be6 14. hxg6 hxg6
15. a3 Rab8 16. g5 Nh5 17. Bxg7 Kxg7 18. f4 Bg4 19. Re1 Qc5 20. Rh4 Bd7 21. Be2
Ng3 22. Bd1 Rh8 23. Qh2 Nh5 24. Rh1 Rbg8 25. Bxh5 Rxh5 26. Rxh5 gxh5 27. Qxh5
Kf8 28. Kb1 Bc6 29. f5 Qe3 30. g6 Qg3 31. Qh6+ Rg7 32. gxf7 Qg2 33. Re1 Qf2 34.
Rd1 Kxf7 35. Qe6+ Kf8 36. e5 Rg1 37. exd6 exd6 38. f6 Rg6 39. Qxd6+ Kg8 40.
Qe6+ Kh7 41. Ne4 Qf3 42. Re1 1-0

[Event "Aktiv-Alliancen Mesterklassen 1999"]
[Site "Taastrup"]
[Date "1999.02.08"]
[Round "3"]
[White "Lonborg, Morten"]
[Black "Hansen, Lars Henrik Bech"]
[Result "1-0"]
[WhiteElo "2121"]
[BlackElo "2090"]
[PlyCount "53"]
[EventDate "1999.??.??"]

1. e4 d6 2. d4 Nf6 3. Nc3 g6 4. Nge2 Bg7 5. g3 O-O 6. Bg2 e5 7. O-O Nc6 8. dxe5
Nxe5 9. Nf4 Bg4 10. f3 Bd7 11. Qe2 Kh8 12. Be3 a6 13. a4 Nc6 14. Rad1 Ne7 15.
Qd3 Nc6 16. b3 h6 17. Qd2 Kh7 18. Nce2 Ne5 19. c4 b6 20. a5 g5 21. Nd3 Nxd3 22.
Qxd3 Ne8 23. e5+ Kg8 24. exd6 Nxd6 25. axb6 Bf5 26. bxc7 Bxd3 27. cxd8=Q 1-0

[Event "Aktiv-Alliancen Mesterklassen 1999"]
[Site "Taastrup"]
[Date "1999.02.08"]
[Round "3"]
[White "Moller, Arne Vagn"]
[Black "Pedersen, Jan Nordenbaek"]
[Result "0-1"]
[WhiteElo "1927"]
[BlackElo "2208"]
[PlyCount "52"]
[EventDate "1999.??.??"]

1. e4 c5 2. b3 e5 3. Bb2 d6 4. Nf3 Nf6 5. d3 Be7 6. Be2 O-O 7. O-O Ne8 8. Nbd2
g6 9. Nc4 Ng7 10. Ne3 Be6 11. Qd2 f5 12. exf5 gxf5 13. Kh1 Nc6 14. c3 f4 15.
Nc2 Bf5 16. Rg1 Bg6 17. Rad1 Qd7 18. Nce1 Rae8 19. h3 Nf5 20. Bf1 Bd8 21. Nh2
Bh4 22. Nef3 Bxf2 23. Qxf2 Ng3+ 24. Qxg3 fxg3 25. Ng4 Bh5 26. Ne3 Rxf3 0-1

[Event "Aktiv-Alliancen Mesterklassen 1999"]
[Site "Taastrup"]
[Date "1999.02.08"]
[Round "3"]
[White "Thuesen, Mogens Henrik"]
[Black "Andersen, Rune"]
[Result "1/2-1/2"]
[WhiteElo "2209"]
[BlackElo "2033"]
[PlyCount "98"]
[EventDate "1999.??.??"]

1. d4 Nf6 2. c4 e6 3. g3 d5 4. Bg2 dxc4 5. Nf3 Nbd7 6. Qa4 Be7 7. Qxc4 O-O 8.
O-O c5 9. dxc5 Bxc5 10. Bf4 Nd5 11. Nc3 Nxf4 12. Qxf4 Qe7 13. Rfd1 Nf6 14. Rac1
Bd7 15. Ne5 Rab8 16. Ne4 Nd5 17. Qh4 Qxh4 18. gxh4 Ba4 19. Nxc5 Bxd1 20. Bxd5
exd5 21. Rxd1 Rfe8 22. Rxd5 b6 23. Ncd7 Rbc8 24. e3 f6 25. Nd3 Kf7 26. a4 Rc7
27. a5 Ke7 28. axb6 Rxd7 29. Rxd7+ Kxd7 30. bxa7 Ra8 31. Kg2 Rxa7 32. h5 Ra5
33. Nf4 Rb5 34. Kg3 Rxb2 35. h4 Kd6 36. Kf3 Rb1 37. Kg3 Ke5 38. Nd3+ Kf5 39. f3
Rg1+ 40. Kh2 Rd1 41. e4+ Ke6 42. Nf4+ Ke5 43. Ng2 Rd2 44. Kg3 f5 45. exf5 Kxf5
46. Ne3+ Ke6 47. Ng2 Kf5 48. Ne3+ Ke6 49. Ng2 Kf5 1/2-1/2

[Event "Aktiv-Alliancen Mesterklassen 1999"]
[Site "Taastrup"]
[Date "1999.02.09"]
[Round "4"]
[White "Aagaard, Jacob"]
[Black "Dongart, Dennis"]
[Result "1-0"]
[WhiteElo "2406"]
[BlackElo "2090"]
[PlyCount "75"]
[EventDate "1999.??.??"]

1. e4 c6 2. d4 d5 3. exd5 cxd5 4. c4 Nf6 5. Nc3 e6 6. Nf3 Bb4 7. Bd3 O-O 8. O-O
Nc6 9. Bg5 dxc4 10. Bxc4 b6 11. a3 Be7 12. Qd3 Bb7 13. Rad1 Nd5 14. h4 Nxc3 15.
Qxc3 Na5 16. Ba2 Rc8 17. Qd3 Bxf3 18. Qxf3 Bxg5 19. hxg5 Qxg5 20. d5 e5 21.
Rfe1 Nc4 22. d6 Nxb2 23. d7 Rcd8 24. Rd5 Qf4 25. Qxf4 exf4 26. Re7 g6 27. Bb3
b5 28. Rxb5 Kg7 29. Rd5 Rb8 30. Re2 Rxb3 31. Re8 Rb8 32. Rxf8 Rxf8 33. d8=Q
Rxd8 34. Rxd8 a5 35. Rd5 Nc4 36. a4 h5 37. Rc5 Nd6 38. Rxa5 1-0

[Event "Aktiv-Alliancen Mesterklassen 1999"]
[Site "Taastrup"]
[Date "1999.02.09"]
[Round "4"]
[White "Bogdanov, Dimitri"]
[Black "Pedersen, Jan Nordenbaek"]
[Result "0-1"]
[WhiteElo "2012"]
[BlackElo "2208"]
[PlyCount "98"]
[EventDate "1999.??.??"]

1. e4 e5 2. Nf3 Nc6 3. Bb5 f5 4. d4 fxe4 5. Nxe5 Nxe5 6. dxe5 c6 7. Bc4 Qa5+ 8.
Nc3 Qxe5 9. Bxg8 Rxg8 10. O-O d5 11. f4 Bc5+ 12. Kh1 Qf5 13. Na4 Be7 14. Be3
Kf7 15. h3 h5 16. Qe2 b5 17. Nc3 a5 18. Qf2 Bf6 19. Bd4 Bxd4 20. Qxd4 Qf6 21.
Qc5 Re8 22. Rae1 b4 23. Na4 Ba6 24. Rg1 Bb5 25. Nb6 Rad8 26. a4 bxa3 27. Qxa3
Kg8 28. b3 d4 29. Qxa5 Qxf4 30. Qb4 Qd6 31. Qd2 e3 32. Qd1 Qc5 33. Na4 Qg5 34.
Qc1 Qg3 35. Nc5 Re5 36. Nd3 Rf5 37. Qa3 Rdf8 38. Qb4 Bxd3 39. cxd3 c5 40. Qc4+
Kh8 41. b4 Qe5 42. b5 e2 43. Qc1 Rf2 44. Qa1 Kh7 45. Qa7 R8f3 46. Qd7 Rxd3 47.
b6 Rb3 48. b7 Qf5 49. Qc8 Rxh3+ 0-1

[Event "Aktiv-Alliancen Mesterklassen 1999"]
[Site "Taastrup"]
[Date "1999.02.09"]
[Round "4"]
[White "Jensen, Orla"]
[Black "Nielsen, John Holm"]
[Result "0-1"]
[WhiteElo "1968"]
[BlackElo "1972"]
[PlyCount "110"]
[EventDate "1999.??.??"]

1. c4 e5 2. Nc3 Nf6 3. g3 Bc5 4. e3 c6 5. Bg2 d6 6. Nge2 Bf5 7. d4 Bb6 8. O-O
O-O 9. h3 Qe7 10. b3 Na6 11. Ba3 c5 12. Qd2 Ba5 13. Qc1 Rac8 14. dxe5 dxe5 15.
e4 Bg6 16. Qe3 Nb4 17. Bxb4 Bxb4 18. Rad1 Rfd8 19. Kh2 a6 20. Nd5 Nxd5 21. exd5
f5 22. Nf4 Bf7 23. Nd3 Re8 24. Nxb4 cxb4 25. Qb6 Qc5 26. Qxc5 Rxc5 27. Rd2 b5
28. cxb5 axb5 29. Rfd1 Rd8 30. d6 Kf8 31. h4 Be6 32. f3 Kf7 33. Bh3 g6 34. g4
Bd7 35. Kg3 h6 36. h5 f4+ 37. Kh2 g5 38. Bf1 Bc6 39. Kg2 Rc3 40. Bd3 Kf6 41.
Be4 Bxe4 42. fxe4 Re3 43. d7 Ke7 44. Rd6 Rxe4 45. Rxh6 Rd4 46. Rh7+ Ke6 47.
Rxd4 exd4 48. Kf2 d3 49. Ke1 f3 50. h6 Rf8 51. Rg7 f2+ 52. Kf1 d2 53. Rg6+ Kxd7
54. Rg7+ Ke6 55. Rg6+ Rf6 0-1

[Event "Aktiv-Alliancen Mesterklassen 1999"]
[Site "Taastrup"]
[Date "1999.02.09"]
[Round "4"]
[White "Lonborg, Morten"]
[Black "Larsen, Peter"]
[Result "0-1"]
[WhiteElo "2121"]
[BlackElo "2267"]
[PlyCount "56"]
[EventDate "1999.??.??"]

1. e4 c5 2. Nf3 d6 3. d4 Nf6 4. Nc3 cxd4 5. Nxd4 a6 6. Bg5 e6 7. Qd2 Bd7 8. f3
Nc6 9. O-O-O b5 10. Nxc6 Bxc6 11. g4 b4 12. Ne2 a5 13. Nd4 Qc7 14. Bb5 Bd7 15.
Bxd7+ Qxd7 16. h4 Be7 17. h5 h6 18. Be3 Qb7 19. g5 hxg5 20. h6 gxh6 21. Bxg5
Nxe4 22. Rxh6 Bxg5 23. Rxh8+ Ke7 24. Qxg5+ Nxg5 25. Rh6 Nxf3 26. Nxe6 Qe4 27.
Ng7 Rc8 28. Rd3 Qxd3 0-1

[Event "Aktiv-Alliancen Mesterklassen 1999"]
[Site "Taastrup"]
[Date "1999.02.09"]
[Round "4"]
[White "Moller, Arne Vagn"]
[Black "Nielsen, Borge Hjerrild"]
[Result "0-1"]
[WhiteElo "1927"]
[BlackElo "2002"]
[PlyCount "126"]
[EventDate "1999.??.??"]

1. e4 c6 2. d4 d5 3. Nc3 dxe4 4. Nxe4 Nd7 5. c3 Ngf6 6. Nxf6+ Nxf6 7. Bd3 g6 8.
h3 Bg7 9. Qc2 Qc7 10. Ne2 Nd5 11. Bd2 e5 12. dxe5 Bxe5 13. g3 Be6 14. O-O-O
O-O-O 15. f4 Bd6 16. Nd4 Bd7 17. Qb3 Qb6 18. Bc4 Qxb3 19. Bxb3 Rhe8 20. Rde1
Rxe1+ 21. Rxe1 Re8 22. Rxe8+ Bxe8 23. Nf3 Kd8 24. Ng5 h6 25. Ne4 Be7 26. g4 Nf6
27. Nf2 Bd6 28. Be3 b6 29. Nd3 Nd5 30. Bd2 Ke7 31. a4 Bd7 32. c4 Nf6 33. Be3 c5
34. Ne5 h5 35. g5 Bxe5 36. fxe5 Ne8 37. Bc2 Bxh3 38. Bf4 Ke6 39. Be4 Kd7 40.
Kd2 Nc7 41. Bg3 Ne6 42. Bd5 Nxg5 43. Bh4 Ne6 44. Kc3 a5 45. Bf6 Nd8 46. Bg5 Be6
47. Be4 Nc6 48. Bxc6+ Kxc6 49. Kd3 Bf5+ 50. Kc3 Kd7 51. Kd2 Ke6 52. Bf6 h4 53.
Bxh4 Kxe5 54. Bg3+ Kd4 55. b3 g5 56. Bc7 g4 57. Bxb6 Bc8 58. Bxa5 f5 59. Ke2 f4
60. Bd2 Ke4 61. Bc1 g3 62. Ba3 f3+ 63. Ke1 f2+ 0-1

[Event "Aktiv-Alliancen Mesterklassen 1999"]
[Site "Taastrup"]
[Date "1999.02.09"]
[Round "4"]
[White "Petersen, Steen Brustrup"]
[Black "Aage, Bjarke Gadgaard"]
[Result "1-0"]
[WhiteElo "2151"]
[BlackElo "1974"]
[PlyCount "75"]
[EventDate "1999.??.??"]

1. e4 Nf6 2. e5 Nd5 3. d4 d6 4. Nf3 Bg4 5. Be2 e6 6. O-O Be7 7. c4 Nb6 8. b3
O-O 9. Bb2 N8d7 10. Nbd2 Bf5 11. Re1 dxe5 12. dxe5 c5 13. Nf1 Qc7 14. Ng3 Bg6
15. h4 h6 16. Bd3 Bxd3 17. Qxd3 Rfd8 18. Qe4 Nf8 19. Bc1 Nh7 20. Be3 Nd7 21.
Nh5 Kh8 22. Qf4 Rf8 23. Rad1 g5 24. hxg5 Nxg5 25. Kh1 Rad8 26. Bc1 a6 27. Rd3
f5 28. exf6 Qxf4 29. Bxf4 Nxf6 30. Rxd8 Rxd8 31. Nxg5 hxg5 32. Bxg5 Nxh5 33.
Bxe7 Rd2 34. Bxc5 Rxa2 35. Rxe6 Nf4 36. Rb6 Nd3 37. Bd4+ Kg8 38. Kg1 1-0

[Event "Aktiv-Alliancen Mesterklassen 1999"]
[Site "Taastrup"]
[Date "1999.02.09"]
[Round "4"]
[White "Petersen, Terji"]
[Black "Hejberg, Carsten"]
[Result "0-1"]
[WhiteElo "2100"]
[BlackElo "1947"]
[PlyCount "78"]
[EventDate "1999.??.??"]

1. d4 Nf6 2. f3 d5 3. e4 dxe4 4. Nc3 c6 5. fxe4 e5 6. d5 Bb4 7. Bg5 Qa5 8. Bd2
cxd5 9. Nxd5 Nxd5 10. exd5 Qxd5 11. Bxb4 Qe4+ 12. Qe2 Qxb4+ 13. c3 Qa5 14. Qh5
O-O 15. Nf3 Nd7 16. O-O-O Qxa2 17. Rd6 Nc5 18. Qxe5 Nb3+ 19. Kc2 Na1+ 20. Kc1
Be6 21. Bd3 Nb3+ 22. Kc2 Qa4 23. Rb1 Nc5+ 24. Kd2 Nxd3 25. Rxd3 Rad8 26. Nd4
Rd5 27. Qc7 Rfd8 28. Rf3 Rxd4+ 29. cxd4 Qxd4+ 30. Ke1 Qe4+ 31. Kf2 Rd2+ 32. Kg1
Qxb1+ 33. Rf1 Qd3 34. Qb8+ Qd8 35. Qxa7 Qd4+ 36. Qxd4 Rxd4 37. Rc1 Rb4 38. Ra1
g6 39. Ra8+ Kg7 0-1

[Event "Aktiv-Alliancen Mesterklassen 1999"]
[Site "Taastrup"]
[Date "1999.02.09"]
[Round "4"]
[White "Stojanovski, Sandi"]
[Black "Andersen, Rune"]
[Result "1-0"]
[WhiteElo "2183"]
[BlackElo "2033"]
[PlyCount "83"]
[EventDate "1999.??.??"]

1. d4 Nf6 2. Nf3 d5 3. c4 c6 4. g3 dxc4 5. Bg2 Nbd7 6. O-O e6 7. a4 b6 8. Qc2
Bb7 9. Nc3 Bb4 10. e4 h6 11. e5 Nd5 12. Ne4 b5 13. Qe2 a6 14. h4 N7b6 15. Bd2
Be7 16. Ba5 Qd7 17. Nfd2 O-O-O 18. b3 c3 19. Nxc3 Nxc3 20. Bxc3 b4 21. Bb2 a5
22. Rfc1 Kb8 23. Ne4 Nd5 24. Nc5 Bxc5 25. Rxc5 Qc7 26. Rac1 Qb6 27. h5 Rc8 28.
Qg4 Rhg8 29. Be4 Qa7 30. Bh7 Nb6 31. Bxg8 Rxg8 32. d5 Nxd5 33. Bd4 Qa6 34. R5c4
Ne7 35. Bc5 Nd5 36. Bd4 Ne7 37. Bc5 Nd5 38. Qd4 Nc3 39. Re1 Kc8 40. Qd6 Rd8 41.
Qe7 Ba8 42. Qxf7 1-0

[Event "Aktiv-Alliancen Mesterklassen 1999"]
[Site "Taastrup"]
[Date "1999.02.10"]
[Round "5"]
[White "Aagaard, Jacob"]
[Black "Lonborg, Morten"]
[Result "1-0"]
[WhiteElo "2406"]
[BlackElo "2121"]
[PlyCount "47"]
[EventDate "1999.??.??"]

1. e4 c5 2. Nc3 e6 3. Nf3 d6 4. d4 cxd4 5. Nxd4 a6 6. Be3 Nf6 7. Be2 b5 8. Bf3
e5 9. Nf5 d5 10. Bg5 d4 11. Nd5 Qa5+ 12. Bd2 Qd8 13. Bg5 Qa5+ 14. b4 Bxb4+ 15.
Nxb4 Qxb4+ 16. c3 dxc3 17. Nxg7+ Ke7 18. O-O Rg8 19. Qd5 Rxg7 20. Qxe5+ Kf8 21.
Qxf6 Rxg5 22. Qd8+ Kg7 23. Qxg5+ Kf8 24. Qd8+ 1-0

[Event "Aktiv-Alliancen Mesterklassen 1999"]
[Site "Taastrup"]
[Date "1999.02.10"]
[Round "5"]
[White "Aage, Bjarke Gadgaard"]
[Black "Larsen, Peter"]
[Result "0-1"]
[WhiteElo "1974"]
[BlackElo "2267"]
[PlyCount "68"]
[EventDate "1999.??.??"]

1. d4 Nf6 2. c4 c5 3. d5 b5 4. cxb5 a6 5. Nc3 axb5 6. Nxb5 Ba6 7. Nc3 d6 8. g3
g6 9. Bg2 Bg7 10. f4 Qa5 11. Bd2 O-O 12. Qc2 Nbd7 13. Nf3 Rfb8 14. O-O Qb6 15.
Rfb1 Bb7 16. e4 c4+ 17. Kh1 Ng4 18. Be1 Nc5 19. Bf2 Nxf2+ 20. Qxf2 Qa5 21. e5
Nd3 22. Qe2 Ba6 23. exd6 exd6 24. Qe7 Nf2+ 25. Kg1 Qc5 26. Qe2 Ng4+ 27. Kh1 Re8
28. Qc2 Bb7 29. h3 Ne3 30. Qf2 Bxc3 31. bxc3 Bxd5 32. a4 Nxg2 33. Qxg2 Re3 34.
Rf1 Qc6 0-1

[Event "Aktiv-Alliancen Mesterklassen 1999"]
[Site "Taastrup"]
[Date "1999.02.10"]
[Round "5"]
[White "Andersen, Rune"]
[Black "Danielsen, Heini"]
[Result "0-1"]
[WhiteElo "2033"]
[BlackElo "2102"]
[PlyCount "71"]
[EventDate "1999.??.??"]

1. d4 Nf6 2. c4 e5 3. dxe5 Ng4 4. Nf3 Bc5 5. e3 Nc6 6. Nc3 O-O 7. Be2 Ncxe5 8.
Nxe5 Nxe5 9. a3 a5 10. b3 Re8 11. Bb2 Ra6 12. Qc2 Rh6 13. O-O-O d6 14. h3 c6
15. g4 Qe7 16. Kb1 d5 17. cxd5 Bxa3 18. g5 Rh4 19. f4 Ng6 20. d6 Bxd6 21. f5
Ne5 22. f6 gxf6 23. Bg4 f5 24. Qf2 Ng6 25. Bxf5 Bxf5+ 26. Qxf5 Qe6 27. Qxa5 Rb4
28. Rxd6 Qxd6 29. Rd1 Qe7 30. Kc2 b6 31. Qa3 Qc5 32. Kb1 Rxe3 33. Qa8+ Nf8 34.
Na4 Qf5+ 35. Ka2 Qc2 36. Rc1 0-1

[Event "Aktiv-Alliancen Mesterklassen 1999"]
[Site "Taastrup"]
[Date "1999.02.10"]
[Round "5"]
[White "Hansen, Lars Henrik Bech"]
[Black "Moller, Arne Vagn"]
[Result "1-0"]
[WhiteElo "2090"]
[BlackElo "1927"]
[PlyCount "79"]
[EventDate "1999.??.??"]

1. e4 c5 2. Nf3 d6 3. d4 cxd4 4. Nxd4 Nf6 5. Nc3 g6 6. Be3 Bg7 7. f3 O-O 8. Qd2
Nc6 9. O-O-O Bd7 10. g4 Rc8 11. h4 Ne5 12. h5 Nc4 13. Bxc4 Rxc4 14. hxg6 fxg6
15. Bh6 Qe8 16. Bxg7 Kxg7 17. Qh6+ Kg8 18. Nd5 Qf7 19. Nxf6+ exf6 20. Ne2 Rfc8
21. Nc3 b5 22. Rxd6 R4c6 23. Rd2 Be6 24. Rhd1 Qc7 25. g5 f5 26. Qh2 f4 27. Nd5
Bxd5 28. exd5 Ra6 29. Kb1 b4 30. Qh3 Rd8 31. Qf1 Qa5 32. Qc4 Rad6 33. Qxf4 Qb5
34. Qe4 a5 35. f4 Qc5 36. f5 a4 37. fxg6 hxg6 38. Rh1 b3 39. Qe5 bxa2+ 40. Ka1
1-0

[Event "Aktiv-Alliancen Mesterklassen 1999"]
[Site "Taastrup"]
[Date "1999.02.10"]
[Round "5"]
[White "Jensen, Orla"]
[Black "Andersen, Erik Rune Egede"]
[Result "1/2-1/2"]
[WhiteElo "1968"]
[BlackElo "2077"]
[PlyCount "96"]
[EventDate "1999.??.??"]

1. c4 Nf6 2. Nc3 e6 3. e4 d5 4. cxd5 exd5 5. e5 d4 6. exf6 dxc3 7. Qe2+ Be6 8.
dxc3 Qxf6 9. Nf3 Nc6 10. Bg5 Qf5 11. Qd3 Bd6 12. Qxf5 Bxf5 13. Bb5 Bd7 14.
O-O-O O-O 15. Rhe1 Rfe8 16. h4 a6 17. Ba4 b5 18. Bc2 h6 19. Be3 Bg4 20. Bd2 Ne5
21. Be4 Rad8 22. Be3 Nc4 23. Bd3 Nxe3 24. fxe3 Bg3 25. Rh1 Rd6 26. e4 Red8 27.
Kc2 f5 28. e5 R6d7 29. c4 c6 30. b3 Kf8 31. Rhf1 Ke7 32. Be2 g6 33. Rxd7+ Rxd7
34. Rd1 Rxd1 35. Kxd1 bxc4 36. bxc4 c5 37. Kd2 Ke6 38. Ke3 f4+ 39. Kd3 Bxf3 40.
Bxf3 Kxe5 41. h5 g5 42. Bg4 Be1 43. Bc8 a5 44. Bg4 Bf2 45. Bc8 Bd4 46. Bg4 a4
47. Bd7 a3 48. Bg4 Bb2 1/2-1/2

[Event "Aktiv-Alliancen Mesterklassen 1999"]
[Site "Taastrup"]
[Date "1999.02.10"]
[Round "5"]
[White "Nielsen, John Holm"]
[Black "Auchenberg, Per"]
[Result "1-0"]
[WhiteElo "1972"]
[BlackElo "2066"]
[PlyCount "46"]
[EventDate "1999.??.??"]

1. Nc3 c5 2. Nf3 e6 3. d4 cxd4 4. Nxd4 a6 5. Bf4 Nf6 6. a3 d6 7. Bg3 Be7 8. e4
O-O 9. Be2 Qb6 10. O-O Bd7 11. Nb3 Rd8 12. Kh1 Bc6 13. Bd3 Nbd7 14. f4 d5 15.
e5 Ne4 16. Bxe4 dxe4 17. Qe2 f5 18. exf6 Bxf6 19. Bf2 Qc7 20. Qc4 Nf8 21. a4 e3
22. Ne4 exf2 23. Rxf2 Bd5 1-0

[Event "Aktiv-Alliancen Mesterklassen 1999"]
[Site "Taastrup"]
[Date "1999.02.10"]
[Round "5"]
[White "Stojanovski, Sandi"]
[Black "Thuesen, Mogens Henrik"]
[Result "1-0"]
[WhiteElo "2183"]
[BlackElo "2209"]
[PlyCount "115"]
[EventDate "1999.??.??"]

1. d4 f5 2. Nf3 Nf6 3. g3 e6 4. Bg2 Be7 5. O-O O-O 6. c4 d6 7. Nc3 a5 8. Bg5 c6
9. Qc2 Na6 10. e4 fxe4 11. Nxe4 Nb4 12. Qb1 e5 13. dxe5 Nxe4 14. Bxe7 Qxe7 15.
Qxe4 Bf5 16. Qh4 Qxh4 17. Nxh4 Bd3 18. Rfd1 dxe5 19. Bf1 Bxf1 20. Rxf1 Nd3 21.
b3 a4 22. Rad1 e4 23. f3 axb3 24. axb3 Ra2 25. fxe4 Nf2 26. Ra1 Re2 27. Rae1
Nh3+ 28. Kh1 Rxf1+ 29. Rxf1 Rxe4 30. Kg2 Ng5 31. Nf3 Nxf3 32. Kxf3 Re7 33. Rd1
Kf7 34. Rd4 Kf6 35. h4 h5 36. Rf4+ Kg6 37. Rd4 Kf6 38. Kf4 Rc7 39. Rd6+ Ke7 40.
c5 Kf7 41. b4 Re7 42. Kf5 Kf8 43. Rd4 Kf7 44. Rd8 g6+ 45. Kg5 Re5+ 46. Kh6 Re3
47. Rd7+ Ke8 48. Rxb7 Rxg3 49. Kg7 g5 50. hxg5 Rxg5+ 51. Kf6 Rg4 52. Rh7 Rxb4
53. Ke6 Kd8 54. Kd6 Rd4+ 55. Kxc6 h4 56. Kb6 Rb4+ 57. Kc6 Rd4 58. Rh6 1-0

[Event "Aktiv-Alliancen Mesterklassen 1999"]
[Site "Taastrup"]
[Date "1999.02.11"]
[Round "6"]
[White "Andersen, Rune"]
[Black "Nielsen, John Holm"]
[Result "1-0"]
[WhiteElo "2033"]
[BlackElo "1972"]
[PlyCount "81"]
[EventDate "1999.??.??"]

1. d4 Nf6 2. c4 e6 3. g3 d5 4. Bg2 c6 5. Nf3 Bb4+ 6. Bd2 Qa5 7. a3 Bxd2+ 8.
Nbxd2 dxc4 9. Qc2 b5 10. O-O Bb7 11. b3 cxb3 12. Nxb3 Qb6 13. e4 Nbd7 14. e5
Nd5 15. Ng5 h6 16. Ne4 O-O 17. Rab1 a5 18. Nd6 a4 19. Nc5 Nxc5 20. dxc5 Qc7 21.
Rfe1 Rab8 22. Qd2 Ba8 23. f4 Qa7 24. Rec1 Rfd8 25. Kh1 Ne7 26. g4 Qd7 27. Qf2
Nc8 28. Rb4 Nxd6 29. exd6 Re8 30. Re1 Qd8 31. h4 Qf6 32. Qg3 g5 33. fxg5 hxg5
34. Re5 gxh4 35. Qe3 Rbd8 36. g5 Qg7 37. Rxh4 f5 38. gxf6 Qxf6 39. Rg5+ Kf7 40.
Rf4 Rh8+ 41. Kg1 1-0

[Event "Aktiv-Alliancen Mesterklassen 1999"]
[Site "Taastrup"]
[Date "1999.02.11"]
[Round "6"]
[White "Auchenberg, Per"]
[Black "Andersen, Erik Rune Egede"]
[Result "0-1"]
[WhiteElo "2066"]
[BlackElo "2077"]
[PlyCount "42"]
[EventDate "1999.??.??"]

1. f4 e5 2. fxe5 d6 3. exd6 Bxd6 4. Nf3 g5 5. g3 g4 6. Nh4 Ne7 7. Nc3 Ng6 8.
Nxg6 hxg6 9. Ne4 Bf5 10. Nf2 Nc6 11. Bg2 Qf6 12. Bxc6+ bxc6 13. e4 Bxg3 14.
hxg3 Rxh1+ 15. Nxh1 Bxe4 16. Qe2 Kf8 17. Nf2 Bf3 18. Qc4 Re8+ 19. Kf1 Qe5 20.
Ne4 Bxe4 21. d3 Bg2+ 0-1

[Event "Aktiv-Alliancen Mesterklassen 1999"]
[Site "Taastrup"]
[Date "1999.02.11"]
[Round "6"]
[White "Danielsen, Heini"]
[Black "Aagaard, Jacob"]
[Result "0-1"]
[WhiteElo "2102"]
[BlackElo "2406"]
[PlyCount "92"]
[EventDate "1999.??.??"]

1. e4 c5 2. Nf3 Nc6 3. d4 cxd4 4. Nxd4 Qc7 5. Nc3 e6 6. Be3 a6 7. Be2 Nf6 8.
O-O Bb4 9. f3 O-O 10. Qe1 d5 11. Qh4 Nxd4 12. Bxd4 e5 13. Qg3 Bc5 14. Bxc5
Qxc5+ 15. Qf2 d4 16. Rac1 Qb4 17. Nd5 Nxd5 18. exd5 Qxb2 19. Qg3 Re8 20. Bc4 b5
21. Bb3 Qc3 22. Rfe1 Bd7 23. f4 exf4 24. Rxe8+ Rxe8 25. Qxf4 Re1+ 26. Kf2 Rxc1
27. Qxc1 d3 28. Qg5 f6 29. Qe3 d2 30. d6+ Kh8 31. Qxc3 d1=N+ 32. Ke2 Nxc3+ 33.
Kd3 b4 34. Kd4 g5 35. Kc5 Ne4+ 36. Kb6 f5 37. Bd5 Nxd6 38. Kc7 Ne8+ 39. Kxd7
Nf6+ 40. Ke6 Nxd5 41. Kxd5 Kg7 42. Kc4 a5 43. a3 bxa3 44. Kb3 f4 45. c4 g4 46.
c5 Kf7 0-1

[Event "Aktiv-Alliancen Mesterklassen 1999"]
[Site "Taastrup"]
[Date "1999.02.11"]
[Round "6"]
[White "Dongart, Dennis"]
[Black "Lonborg, Morten"]
[Result "1/2-1/2"]
[WhiteElo "2090"]
[BlackElo "2121"]
[PlyCount "120"]
[EventDate "1999.??.??"]

1. e4 c5 2. Nf3 e6 3. d4 cxd4 4. Nxd4 Nf6 5. Bd3 Nc6 6. Nxc6 dxc6 7. O-O e5 8.
Be3 Be7 9. Nd2 Ng4 10. Qe2 Nxe3 11. Qxe3 Bg5 12. Qe2 O-O 13. Rad1 Qc7 14. Bc4
a6 15. Qh5 Bf6 16. Nf3 g6 17. Qh6 Bg4 18. Rd3 Qe7 19. Qe3 Rad8 20. Rfd1 Rxd3
21. Qxd3 Qb4 22. Qb3 Qxb3 23. Bxb3 Bxf3 24. gxf3 Rd8 25. Rxd8+ Bxd8 26. Bc4 Bg5
27. Bf1 Bc1 28. b3 Kf8 29. Bh3 a5 30. Bc8 b6 31. Bb7 Ke7 32. Bxc6 Kd6 33. Bd5
f6 34. Bg8 h6 35. Bf7 g5 36. Kf1 Kc5 37. a4 Kd4 38. Bc4 Kc3 39. Bd3 Bf4 40. Kg2
Kd2 41. h3 Ke1 42. Bb5 Kd2 43. Bd3 h5 44. Kf1 h4 45. Bc4 Kxc2 46. Ke2 Kc3 47.
Be6 Kd4 48. Bd7 Bc1 49. Be6 Ba3 50. Bd7 Bc5 51. Be6 Kc3 52. Bd5 Kb4 53. Bc4 Bd4
54. Kf1 b5 55. Bxb5 Kxb3 56. Ke2 Bb6 57. Bd7 Kc3 58. Bb5 Kd4 59. Bd7 Bc5 60.
Be6 Ba7 1/2-1/2

[Event "Aktiv-Alliancen Mesterklassen 1999"]
[Site "Taastrup"]
[Date "1999.02.11"]
[Round "6"]
[White "Hejberg, Carsten"]
[Black "Nielsen, Borge Hjerrild"]
[Result "1/2-1/2"]
[WhiteElo "1947"]
[BlackElo "2002"]
[PlyCount "106"]
[EventDate "1999.??.??"]

1. d4 d5 2. c4 e6 3. Nc3 Nf6 4. cxd5 exd5 5. Bg5 Be7 6. e3 O-O 7. Bd3 b6 8.
Bxf6 Bxf6 9. Qh5 g6 10. Qxd5 c6 11. Qxd8 Rxd8 12. Nge2 Bb7 13. Be4 Na6 14. O-O
Rd7 15. Rfd1 Rad8 16. Rd2 Nc7 17. Rad1 Ne6 18. f4 Nc7 19. Bf3 Nd5 20. Nxd5 cxd5
21. Rc1 Re7 22. Kf2 Rde8 23. Rc3 h5 24. Rdc2 Ba6 25. Rd2 Kg7 26. Nc1 Bb7 27.
Be2 g5 28. Bb5 Rc8 29. Ne2 Rxc3 30. bxc3 Rc7 31. Bd3 h4 32. Rc2 Be7 33. c4 a6
34. cxd5 Rxc2 35. Bxc2 Bxd5 36. Nc3 Bb7 37. fxg5 Bxg5 38. Bb3 b5 39. e4 b4 40.
Nd5 Bxd5 41. Bxd5 Bf4 42. g3 hxg3+ 43. hxg3 Bc7 44. e5 f6 45. e6 Kf8 46. g4 Ke7
47. Kf3 a5 48. Ke4 a4 49. Bc4 b3 50. axb3 axb3 51. Bxb3 Bd6 52. Kf5 Ba3 53. d5
Bb4 1/2-1/2